000 00643nam a2200193 i 4500
001 150582
003 ES-MaACL
005 20251221155455.0
007 t|
008 071031s1909 sp ||||1| spa d
111 0 _aExposición Regional Valenciana
_n(1ª.
_d1909.
_cValencia)
_9712
245 1 0 _aValencia y su región
_b: Exposición regional valenciana, 1909...
260 _aValencia :
_bComité Ejecutivo de la Exposición Regional de Valencia,
_c1909.
300 _a256 p. ;
_c19 cm.
650 1 4 _aArte-
_zValencia.
_910144
651 4 _aValencia-
_vGuías turísticas.
_99498
852 _aES-MaACL
_jD-3686
999 _c150582
_d150582